00598nam a2200133Ia 4500008004100000020001800041100005700059245015700116260002700273650002000300856005200320999001900372952007300391171212s9999 xx 000 0 und d a9780833078971 aShih, Regina A.;Meadows, Sarah O.;Martin, Margret T. cShih, Regina A.;Meadows, Sarah O.;Martin, Margret T.aMedical Fitness and ResiliencebA Review of Relevant Constructs, Measures, and Links to Well-Being bRAND Corporationc2013 aHealth Sciences uhttp://www.jstor.org/stable/10.7249/j.ctt5hhsf4 c352313d352313 001040aCLbCLd2017-12-12l0r2017-12-12 00:00:00w2017-12-12yCBE